000 00707nam a22002297a 4500
005 20170124110152.0
010 _a871210
020 _c00.00
035 _a871210
037 _bCen Lib/Ret
040 _aDPL
_bEN
082 _a181.4
_bGUP
100 _aGupta, Shanti Nath
_934252
245 _aThe indian concept of values /
_cby Shanti Nath Gupta
260 _aNew Delhi
_bManohar Bokk Service
_c1978
270 _bNew Delhi
_a2, ansari road, dariya ganj
_e110002
300 _axi, 197p.
_c19cm(Hb)
500 _aIncludes bibliographical references and index
650 _aIndian Philosophy
_934253
650 _aConcept of values
_934254
942 _2ddc
_cEN
_h181.4
_mGUP
999 _c132297
_d132297